000 01110nam a2200217Ia 4500
003 GCL
008 140319s9999 xx 000 0 ara d
040 _aGCL /
_cGCL
082 0 4 _a811.9
_bص ك
100 1 _aالصولى : ابو بكر محمد بن يحيى بن عبدالله بن العباس بن محم
245 1 0 _aكتاب الاوراق :
_bقسم اخبار الراضى بالله والمتقى لله - قسم اخبار الشعراء - قسم اشعار اولاد الخلفاء /
_cالصولى : ابو بكر محمد بن يحيى بن عبدالله بن العباس بن محم
260 _aالقاهرة :
_bالهيئة العامة لقصور الثقافة ،
_c2004
300 _a3 مج ؛
_c24 سم
490 _aالذخائر
_v124-123-122
650 0 4 _aالشعراء العرب
650 0 4 _aالشعر العربى - تاريخ ونقد
650 0 4 _aالحضارة الاسلامية
650 0 4 _aالادب العربى - تاريخ ونقد
650 0 4 _aالشعر العربى - تاريخ ونقد - العصر العباسى الأول
942 _2ddc
_cBK
999 _c7116
_d7116